| 000 | 00919cam a2200241 a 4500 | ||
|---|---|---|---|
| 001 | 000004980 | ||
| 005 | 20200929151541.0 | ||
| 008 | 980619s1997 cu 001 p spa d | ||
| 020 | _a9590201563 | ||
| 040 |
_aDO-SdBNP _cRCE _dDLC |
||
| 082 |
_aCu861.44 _bL864de |
||
| 100 | 1 |
_aLópez Lemus, Virgilio, _d1946- _914374 |
|
| 245 | 1 | 0 |
_aDécima e identidad : _bsiglos XVIII y XIX / _cVirgilio López Lemus. |
| 260 |
_aLa Habana : _bAcademia, _c1997. |
||
| 300 |
_a93 p. ; _c20 cm. |
||
| 504 | _aIncluye referencias bibliográficas (p. [87] -91). | ||
| 650 | 4 |
_aPoesía cubana _xHistoria y crítica _ySIGLO XIX _914377 |
|
| 650 | 4 |
_aLiteratura cubana _xHistoria y crítica _ySIGLO XIX _914378 |
|
| 650 | 4 |
_aPoesía cubana _xHistoria y crítica _ySIGLO XVIII _914379 |
|
| 650 | 4 |
_aLiteratura cubana _xHistoria y crítica _ySIGLO XVIII _914380 |
|
| 650 | 4 |
_aLiteratura latinoamericana _94717 |
|
| 910 | _aCatalogación por copia / LC | ||
| 999 |
_c4786 _d4786 |
||